Statistics for All about Donald Trump

Click here to take the quiz!

General Stats

  • This quiz has been taken 167 times
    (56 since last reset)
  • The average score is 7 of 10

Answer Stats

Hint Answer % Correct
How many children does he have?Five
98%
How old is he?70
93%
What is his middle name?John
91%
Who's gonna pay for it?Mexico!!!
86%
What is his wife called?Melania Knauss
84%
When was he born?1946
75%
How will he stop immigration?Build a wall
59%
What is his book called?The Art of the Deal
48%
When was it published?1987
39%
What is his net worth?4.5 billion
18%

Score Distribution

Percentile by Number Answered

Percent of People with Each Score

Your Score History

You have not taken this quiz since the last reset